Kadra reprezentacji Hiszpanii na Mistrzostwa Świata 2026 - Statystyki

Ogólne statystyki
  • Ten quiz został rozwiązany 62 razy
  • Średni wynik to 18 z 26
Statystyki odpowiedzi
Pozycja Klub Zawodnik % Poprawnych
Napastnik FC Barcelona Lamine Yamal
96%
Bramkarz Arsenal David Raya
94%
Pomocnik FC Barcelona Pedri
94%
Pomocnik FC Barcelona Gavi
92%
Obrońca FC Barcelona Eric García
88%
Bramkarz FC Barcelona Joan García
88%
Pomocnik Manchester City Rodri
88%
Bramkarz Athletic Club Unai Simón
88%
Napastnik FC Barcelona Ferran Torres
84%
Obrońca Chelsea Marc Cucurella
80%
Pomocnik PSG Fabián Ruiz
76%
Napastnik Real Sociedad Mikel Oyarzabal
74%
Obrońca FC Barcelona Pau Cubarsí
74%
Pomocnik FC Barcelona Dani Olmo
68%
Pomocnik Arsenal Martín Zubimendi
66%
Pomocnik Athletic Club Nico Williams
66%
Obrońca Bayer Leverkusen Alejandro Grimaldo
64%
Pomocnik Arsenal Mikel Merino
64%
Obrońca Tottenham Pedro Porro
60%
Obrońca Atletico Madryt Marcos Llorente
52%
Obrońca Athletic Club Aymeric Laporte
44%
Obrońca Atletico Madryt Marc Pubill
38%
Napastnik Celta Vigo Borja Iglesias
36%
Pomocnik Crystal Palace Yéremy Pino
36%
Pomocnik Atletico Madryt Álex Baena
32%
Pomocnik Osasuna Víctor Muñoz
26%
Nie znaleziono quizów pasujących do podanych kryteriów
Rozkład punktacji
Procent ludzi z każdym wynikiem
Percentyl według liczby udzielonych odpowiedzi
Twoja historia wyników
Nie rozwiązałeś tego quizu